| Tag |
First Indicator |
Second Indicator |
Subfields |
| LEADER |
00000cam a2200000 i 4500 |
| 001 |
in00000049474 |
| 005 |
20151007071735.0 |
| 008 |
780515s1977 enk b 00110 eng |
| 010 |
|
|
|a 77030015
|
| 015 |
|
|
|a GB77-13703
|
| 020 |
|
|
|a 0710086229 :
|c 3.95
|
| 020 |
|
|
|a 0710086229
|
| 035 |
|
|
|a (OCoLC)04005876
|
| 035 |
|
|
|9 AAE6548AM
|
| 040 |
|
|
|a DLC
|c DLC
|d OCL
|d TXA
|d UtOrBLW
|
| 049 |
|
|
|a TXAM
|c [980601]
|
| 050 |
0 |
0 |
|a HN16
|b .C35 1977
|
| 082 |
0 |
|
|a 309.1/181/2
|
| 100 |
1 |
|
|a Carroll, John,
|d 1944-
|
| 245 |
1 |
0 |
|a Puritan, paranoid, remissive :
|b a sociology of modern culture /
|c John Carroll.
|
| 264 |
|
1 |
|a London ;
|a Boston :
|b Routledge and Kegan Paul,
|c 1977.
|
| 300 |
|
|
|a xi, 148 pages ;
|c 23 cm.
|
| 336 |
|
|
|a text
|b txt
|2 rdacontent
|
| 337 |
|
|
|a unmediated
|b n
|2 rdamedia
|
| 338 |
|
|
|a volume
|b nc
|2 rdacarrier
|
| 500 |
|
|
|a Includes index.
|
| 504 |
|
|
|a Bibliography: pages [137]-138.
|
| 650 |
|
0 |
|a Social history
|y 20th century.
|
| 650 |
|
0 |
|a Puritans.
|
| 650 |
|
0 |
|a Religion and sociology.
|
| 999 |
|
|
|a MARS
|
| 999 |
f |
f |
|s 1e5eb49d-4737-353b-b5f3-a8f00519f1ba
|i d74a0883-c9f6-3bb8-90f4-9543398002e2
|t 0
|
| 952 |
f |
f |
|p ric
|a Texas A&M University
|b Rellis Campus
|c Joint Library Facility
|d Remote Storage
|t 0
|e HN16 .C35 1977
|h Library of Congress classification
|i unmediated -- volume
|m A14802928049
|
| 998 |
f |
f |
|a HN16 .C35 1977
|t 0
|l Remote Storage
|